Letters from Salisbury Prison / (Record no. 3924)

MARC details
000 -LEADER
fixed length control field 00799cam a2200253 i 4500
001 - CONTROL NUMBER
control field 357535
003 - CONTROL NUMBER IDENTIFIER
control field OSt
005 - DATE AND TIME OF LATEST TRANSACTION
control field 20230704155854.0
008 - FIXED-LENGTH DATA ELEMENTS--GENERAL INFORMATION
fixed length control field 780210s1976 ke abf 000 0aeng
010 ## - LIBRARY OF CONGRESS CONTROL NUMBER
LC control number 76980688
040 ## - CATALOGING SOURCE
Original cataloging agency DLC
Transcribing agency DLC
Modifying agency DLC
043 ## - GEOGRAPHIC AREA CODE
Geographic area code f-rh---
082 00 - DEWEY DECIMAL CLASSIFICATION NUMBER
Classification number 364.13
Item number STI
100 1# - MAIN ENTRY--PERSONAL NAME
Personal name Sithole, Ndabaningi,
Dates associated with a name 1920-
245 10 - TITLE STATEMENT
Title Letters from Salisbury Prison /
Statement of responsibility, etc. Ndabaningi Sithole.
260 ## - PUBLICATION, DISTRIBUTION, ETC. (IMPRINT)
Place of publication, distribution, etc. Nairobi :
Name of publisher, distributor, etc. Transafrica Publishers,
Date of publication, distribution, etc. 1976.
300 ## - PHYSICAL DESCRIPTION
Extent x, 186 p., [5] leaves of plates :
Other physical details ill., map ;
Dimensions 22 cm.
600 10 - SUBJECT ADDED ENTRY--PERSONAL NAME
Personal name Sithole, Ndabaningi,
Dates associated with a name 1920-
610 20 - SUBJECT ADDED ENTRY--CORPORATE NAME
Corporate name or jurisdiction name as entry element Zimbabwe African National Union.
650 #0 - SUBJECT ADDED ENTRY--TOPICAL TERM
Topical term or geographic name as entry element Political prisoners
Geographic subdivision Zimbabwe
General subdivision Correspondence.
650 #0 - SUBJECT ADDED ENTRY--TOPICAL TERM
Topical term or geographic name as entry element Nationalism
Geographic subdivision Zimbabwe.
906 ## - LOCAL DATA ELEMENT F, LDF (RLIN)
a 7
b cbc
c orignew
d 4
e ncip
f 19
g y-gencatlg
942 ## - ADDED ENTRY ELEMENTS (KOHA)
Source of classification or shelving scheme Dewey Decimal Classification
Koha item type Books
Holdings
Withdrawn status Lost status Source of classification or shelving scheme Damaged status Not for loan Home library Current library Date acquired Total Checkouts Full call number Barcode Date last seen Price effective from Koha item type
    Dewey Decimal Classification     County Hall Archives County Hall Archives 07/04/2023   364.13 STI 10002148 07/04/2023 07/04/2023 Books
LIBRARY OPENING HOURS

When the Parliament is sitting: 8.00a.m - 7.00p.m or until the house adjourns
Mondays and Fridays and when the House is on Recess:  8.00a.m - 5.00p.m
Closed on Weekends and Public Holidays

Online Public Access Catalog (OPAC)
Website: http://www.parliament.go.ke
Bunge Library: https://libraryir.parliament.go.ke
Contact: library@parliament.go.ke | Tel no: (254-2)2221291 or 2848000 Ext 5043